| 000 | 00867nam a2200253Ia 4500 | ||
|---|---|---|---|
| 001 | 21694 | ||
| 005 | 20260320113305.0 | ||
| 008 | 260320s9999||||xx |||||||||||||| ||und|| | ||
| 020 | _a9786123331207 | ||
| 041 | _aESP | ||
| 082 |
_a348.6 _bA47 |
||
| 100 |
_aAlva Hart, Beatriz, _eAUT |
||
| 245 | 0 |
_aDerecho individual del trabajo : _banálisis integral del régimen laboral privado |
|
| 246 |
_a _5 _b |
||
| 250 | _aPrimera edición | ||
| 260 |
_aLima : _bGaceta Jurídica _c2024 |
||
| 300 |
_a1006 páginas : _b _c25 cm. _e |
||
| 440 |
_a _n _v |
||
| 650 | _aCIS | ||
| 653 | _aDerecho; Derecho del trabajo; Régimen laboral privado | ||
| 700 |
_aAparicio Aldana, Rebeca; Bernal Suárez, Mirella; Bustamante Arce, Karen [y otros 22], _cAUTS |
||
| 856 |
_uhttps://app-vlex-com.ucsp.lookproxy.com/ _zVéase además: Base de datos Vlex |
||
| 942 |
_cLIB _dJUS _fMIP _2ddc _n |
||
| 999 |
_c21694 _d21694 |
||